| 000 | 00427nam a2200157 i 4500 | ||
|---|---|---|---|
| 001 | 63391 | ||
| 003 | ES-MaACL | ||
| 007 | t| | ||
| 008 | 031210s1933 po ||||1| por d | ||
| 100 | 1 |
_aFerreira de Castro, José María. _950380 |
|
| 245 | 1 | 0 |
_aEternidade _b: romance / _cFerreira de Castro. |
| 250 | _a2ª ed. | ||
| 260 |
_aLisboa : _bGuimarâes & Cª, _c[1933] |
||
| 300 |
_a332 p. ; _c19 cm. |
||
| 852 |
_aES-MaACL _jB-7774 |
||
| 999 |
_c63391 _d63391 |
||